[Event "StM 2004"]
[Site "Hartberg"]
[Date "2004.07.29"]
[Round "6.36"]
[White "Kastner, Walter"]
[Black "Wolfram, Dominik"]
[Result "1-0"]
[WhiteElo "2229"]
[BlackElo "2102"]
[PlyCount "73"]
[EventDate "2004.??.??"]

1. Nf3 Nf6 2. c4 g6 3. g3 Bg7 4. Bg2 O-O 5. O-O c5 6. Nc3 Nc6 7. d4 cxd4 8.
Nxd4 Nxd4 9. Qxd4 d6 10. Qd3 a6 11. Rd1 Bf5 12. Qf3 Rb8 13. c5 Ne8 14. e4 Bd7
15. Bf4 e5 16. Be3 Nf6 17. Qe2 dxc5 18. Bxc5 Re8 19. Bh3 Bf8 20. Bxd7 Nxd7 21.
Ba7 Ra8 22. Be3 Rb8 23. Qg4 Re6 24. Rac1 Bd6 25. Nd5 Nf6 26. Qf3 Nxd5 27. Rxd5
Qf6 28. Qxf6 Rxf6 29. Kg2 Re6 30. Rcd1 Bf8 31. Rd7 b5 32. Ra7 Rbe8 33. Rdd7
R8e7 34. Rd8 Rxa7 35. Bh6 Ra8 36. Rxa8 Re8 37. Rxe8 1-0

[Event "StM 2004"]
[Site "Hartberg"]
[Date "2004.07.29"]
[Round "6.37"]
[White "Kranz, Armin"]
[Black "Kreindl, Helmut"]
[Result "1-0"]
[WhiteElo "2149"]
[BlackElo "2228"]
[PlyCount "107"]
[EventDate "2004.??.??"]

1. d4 d5 2. c4 e6 3. Nf3 Nf6 4. g3 Bb4+ 5. Bd2 Be7 6. Bg2 O-O 7. O-O c6 8. Qc2
Nbd7 9. Nc3 b6 10. b3 Ba6 11. Bf4 Rc8 12. Rfd1 Nh5 13. Bc1 Qc7 14. h4 dxc4 15.
Ne4 cxb3 16. axb3 Bb5 17. Neg5 g6 18. Bb2 a5 19. Bh3 Ng7 20. Rac1 h6 21. Ne4
Qd8 22. Ne5 Nf6 23. Nxf6+ Bxf6 24. Ng4 Kh7 25. Qd2 g5 26. Qc2+ Kh8 27. Nxf6
Qxf6 28. d5 Qe7 29. d6 Qd8 30. hxg5 Qxg5 31. Rd4 h5 32. Rcd1 Rcd8 33. Rf4 f6
34. Rfd4 c5 35. Bc1 Qxc1 36. Qxc1 cxd4 37. Qh6+ Kg8 38. Rxd4 Kf7 39. Qd2 Rd7
40. e4 Rc8 41. f4 Rc5 42. e5 f5 43. Bf1 Bxf1 44. Kxf1 Rb5 45. b4 axb4 46. Rxb4
Rd5 47. Qc2 b5 48. Ke2 Ra7 49. Qb2 Rb7 50. Qa2 Rc5 51. Qa6 Rd7 52. Rxb5 Rxb5
53. Qxb5 Ra7 54. Qc5 1-0

[Event "StM 2004"]
[Site "Hartberg"]
[Date "2004.07.29"]
[Round "6.38"]
[White "Bozinovic, Boban"]
[Black "Raffalt, Manfred"]
[Result "0-1"]
[WhiteElo "2163"]
[BlackElo "2181"]
[PlyCount "64"]
[EventDate "2004.??.??"]

1. e4 e5 2. Nf3 Nc6 3. Bb5 Nge7 4. c3 d5 5. Nxe5 dxe4 6. d4 exd3 7. Bf4 Qd5 8.
Qa4 Qxg2 9. Rf1 f6 10. Nxd3 a6 11. Nd2 axb5 12. Qxa8 Qd5 13. Nc1 Kf7 14. Ne2
Qd3 15. Bxc7 g5 16. Ng3 Qd7 17. Ba5 Qe6+ 18. Ne2 Ne5 19. Kd1 N7c6 20. f4 Ng4
21. f5 Qd7 22. Rf3 Bc5 23. Kc1 Re8 24. Kd1 Nce5 25. Rg3 Ne3+ 26. Kc1 N5c4 27.
Nd4 Bxd4 28. cxd4 Qxf5 29. Rxe3 Nxe3 30. Ne4 Qxe4 31. Kd2 Qc2+ 32. Ke1 Ng4+ 0-1

[Event "StM 2004"]
[Site "Hartberg"]
[Date "2004.07.29"]
[Round "6.39"]
[White "Wagner, Stephan"]
[Black "Bachofner, Christian"]
[Result "1-0"]
[WhiteElo "2174"]
[BlackElo "2163"]
[PlyCount "71"]
[EventDate "2004.??.??"]

1. e4 c5 2. c4 Nc6 3. Nc3 g6 4. g3 Bg7 5. Nge2 d6 6. Bg2 e6 7. Rb1 Nge7 8. d3
a6 9. a3 Rb8 10. b4 O-O 11. O-O Nd4 12. Nxd4 cxd4 13. Ne2 e5 14. a4 Be6 15. a5
Qd7 16. b5 f5 17. exf5 gxf5 18. Ba3 Rfc8 19. Qd2 axb5 20. Rxb5 Nc6 21. Rfb1 Bf8
22. a6 Rc7 23. Rb6 Nd8 24. Qb4 Be7 25. Rxb7 Nxb7 26. Bxb7 Kf7 27. f4 Bf8 28.
Qb6 Qd8 29. fxe5 dxe5 30. Bxf8 Kxf8 31. Qxe6 f4 32. Qxe5 fxg3 33. Rf1+ Rf7 34.
Qh8+ Ke7 35. Qxd8+ Rxd8 36. Rxf7+ 1-0

[Event "StM 2004"]
[Site "Hartberg"]
[Date "2004.07.29"]
[Round "6.40"]
[White "Herrmann, Johann"]
[Black "Deutsch, Ludwig"]
[Result "1-0"]
[WhiteElo "2168"]
[BlackElo "2155"]
[PlyCount "75"]
[EventDate "2004.??.??"]

1. c4 c5 2. Nc3 Nc6 3. g3 g6 4. Bg2 Bg7 5. e3 d6 6. Nge2 Nf6 7. O-O O-O 8. d4
Nd7 9. d5 Nce5 10. b3 Nf6 11. f4 Neg4 12. h3 Nh6 13. e4 Ne8 14. Be3 f6 15. Qd2
Nf7 16. Rae1 Bd7 17. g4 a6 18. Nc1 b5 19. Nd3 Nc7 20. Bf2 a5 21. Bg3 bxc4 22.
bxc4 Qc8 23. e5 Be8 24. e6 Nd8 25. Nxc5 dxc5 26. d6 Ndxe6 27. dxe7 Bf7 28.
exf8=Q+ Bxf8 29. Bxa8 Qxa8 30. Nd5 Nd4 31. Qg2 Qa6 32. Rc1 f5 33. gxf5 Nxf5 34.
Bf2 Ne6 35. h4 Neg7 36. Rfe1 Nh5 37. Re5 Be6 38. Nc7 1-0

[Event "StM 2004"]
[Site "Hartberg"]
[Date "2004.07.29"]
[Round "6.41"]
[White "Herndlbauer, Martin"]
[Black "Almer, Gerald"]
[Result "0-1"]
[WhiteElo "2145"]
[BlackElo "2105"]
[PlyCount "72"]
[EventDate "2004.??.??"]

1. e4 c5 2. Nf3 Nc6 3. d4 cxd4 4. Nxd4 Nf6 5. Nc3 d6 6. Bg5 a6 7. Qd2 h6 8.
Bxf6 gxf6 9. O-O-O Nxd4 10. Qxd4 b5 11. Kb1 Rb8 12. f4 Qb6 13. Qd2 Qc5 14. Bd3
Be6 15. Rhe1 Bg7 16. f5 Bc8 17. Qe2 h5 18. Nd5 Bb7 19. Nf4 h4 20. Qg4 Bh6 21.
Qxh4 Kd7 22. Bf1 Bg5 23. Nd3 Bxh4 24. Nxc5+ Kc7 25. Nxb7 Bxe1 26. Rxe1 Kxb7 27.
h3 Rbg8 28. g4 Kb6 29. Re3 Rc8 30. b3 Rc5 31. Kb2 Re5 32. Bg2 d5 33. Kc3 Rc8+
34. Kd4 Rxc2 35. Rc3 Rd2+ 36. Ke3 Rxg2 0-1

[Event "StM 2004"]
[Site "Hartberg"]
[Date "2004.??.??"]
[Round "7.1"]
[White "Pilaj, Herwig"]
[Black "Danner, Georg"]
[Result "1-0"]
[WhiteElo "2425"]
[BlackElo "2432"]
[PlyCount "75"]
[EventDate "2004.??.??"]

1. d4 f5 2. g3 g6 3. Nd2 Bg7 4. e4 fxe4 5. Nxe4 d5 6. Nc3 Nc6 7. Bg2 Nf6 8. Nf3
Bg4 9. h3 Bxf3 10. Bxf3 Qd7 11. O-O O-O-O 12. Bg2 e5 13. dxe5 Nxe5 14. Qd4 Nc6
15. Qa4 a6 16. Bf4 h6 17. Rad1 g5 18. Bc1 d4 19. Ne4 Nxe4 20. Bxe4 Rhf8 21. Bg2
Ne5 22. Qb3 c5 23. f4 gxf4 24. Bxf4 Ng6 25. Bd6 Rxf1+ 26. Rxf1 Bf8 27. Rf7 Bxd6
28. Bxb7+ Kc7 29. Be4 Be7 30. Qb7+ Kd6 31. Qd5+ Kc7 32. Qb7+ Kd6 33. Qb6+ Ke5
34. Qxg6 Qe6 35. Rf5+ Qxf5 36. Qxf5+ Kd6 37. Qd5+ Kc7 38. Qc6+ 1-0

[Event "StM 2004"]
[Site "Hartberg"]
[Date "2004.??.??"]
[Round "7.2"]
[White "Weiss, Christian"]
[Black "Freitag, Manfred"]
[Result "1-0"]
[WhiteElo "2408"]
[BlackElo "2397"]
[PlyCount "73"]
[EventDate "2004.??.??"]

1. g3 d5 2. d4 c6 3. Bg2 Bf5 4. Nf3 Nf6 5. O-O h6 6. c4 e6 7. Nc3 Nbd7 8. Nd2
Be7 9. e4 dxe4 10. Ndxe4 O-O 11. Be3 Ng4 12. Bd2 Ngf6 13. Nxf6+ Nxf6 14. Be3
Qb6 15. Na4 Qa6 16. Qb3 Rad8 17. Nc5 Bxc5 18. dxc5 Rd3 19. Qb4 Ng4 20. Bf4 e5
21. Bc1 Re8 22. h3 Nf6 23. a4 Nd7 24. a5 e4 25. Bf4 g5 26. Bd6 Ne5 27. Bxe5
Rxe5 28. Rfe1 f6 29. Bf1 Rd7 30. Rad1 Rxd1 31. Rxd1 e3 32. fxe3 Rxe3 33. g4 Bg6
34. Rd7 Be8 35. Rxb7 h5 36. Rc7 hxg4 37. Qd2 1-0

[Event "StM 2004"]
[Site "Hartberg"]
[Date "2004.??.??"]
[Round "7.4"]
[White "Lehner, Oliver"]
[Black "Stanec, Nikolaus"]
[Result "1/2-1/2"]
[WhiteElo "2465"]
[BlackElo "2562"]
[PlyCount "104"]
[EventDate "2004.??.??"]

1. e4 c6 2. d4 d5 3. Nd2 g6 4. Ngf3 Bg7 5. Bd3 Bg4 6. c3 e6 7. Qb3 Bxf3 8. Nxf3
Qb6 9. exd5 cxd5 10. Bf4 Ne7 11. Qxb6 axb6 12. a4 Nd7 13. Bb5 Nc6 14. b4 O-O
15. O-O Rfc8 16. Ra3 Nf6 17. Nd2 Nh5 18. Be3 Ne7 19. g4 Nf6 20. f3 Ne8 21. Bf4
Nc6 22. Nb3 Na7 23. Bxe8 Rxe8 24. Raa1 Rec8 25. Rfc1 Nc6 26. Be3 Ra7 27. Ra2
Bf8 28. Kf1 Bd6 29. h3 b5 30. Rca1 Rca8 31. a5 b6 32. Bc1 bxa5 33. bxa5 b4 34.
Bd2 Rb8 35. Rc1 Ra6 36. Ra4 bxc3 37. Rxc3 Kg7 38. Rd3 Rb5 39. f4 Ra7 40. Ke2
Rab7 41. Rc3 Nb8 42. Nc5 Bxc5 43. Rxc5 Rxc5 44. dxc5 Na6 45. Bc3+ Kf8 46. Be5
Ke7 47. c6 Rb4 48. Ra3 f6 49. Ba1 d4 50. Rd3 e5 51. g5 Ra4 52. Bb2 Rxa5 1/2-1/2

[Event "StM 2004"]
[Site "Hartberg"]
[Date "2004.??.??"]
[Round "7.5"]
[White "Benda, Herbert"]
[Black "Neubauer, Martin"]
[Result "1/2-1/2"]
[WhiteElo "2336"]
[BlackElo "2429"]
[PlyCount "82"]
[EventDate "2004.??.??"]

1. e4 e5 2. Nf3 Nc6 3. d4 exd4 4. Nxd4 Nf6 5. Nxc6 bxc6 6. e5 Qe7 7. Qe2 Nd5 8.
c4 Nb6 9. Nd2 Bb7 10. b3 a5 11. a4 Qe6 12. Bb2 Bb4 13. O-O-O O-O-O 14. Nf3 Qh6+
15. Qe3 Qxe3+ 16. fxe3 Rde8 17. Bd3 d5 18. exd6 cxd6 19. Nd4 g6 20. Nc2 Rhf8
21. Nxb4 axb4 22. e4 Nd7 23. Bc2 Kc7 24. Rhf1 f6 25. g4 c5 26. Rde1 Re6 27. h4
Rfe8 28. g5 f5 29. Rf4 Bxe4 30. Bxe4 Rxe4 31. Rexe4 Rxe4 32. Rxe4 fxe4 33. Kd2
d5 34. cxd5 Kd6 35. Ke3 Kxd5 36. a5 Nb8 37. Bf6 Na6 38. Ba1 Nc7 39. Bb2 Na6 40.
Ba1 Nc7 41. Bb2 Na6 1/2-1/2

[Event "StM 2004"]
[Site "Hartberg"]
[Date "2004.??.??"]
[Round "7.6"]
[White "Schweda, Roland"]
[Black "Arwanitakis, Michael"]
[Result "0-1"]
[WhiteElo "2420"]
[BlackElo "2242"]
[PlyCount "120"]
[EventDate "2004.??.??"]

1. d4 Nf6 2. c4 g6 3. Nc3 Bg7 4. e4 d6 5. Nf3 O-O 6. Be2 Na6 7. Be3 e5 8. d5
Ng4 9. Bg5 f6 10. Bh4 h5 11. Nd2 Nh6 12. f3 c5 13. a3 Nf7 14. Rb1 Bh6 15. Bf2
f5 16. h4 b6 17. b4 Bd7 18. Bd3 Qe7 19. Qc2 Qf6 20. Rb2 Kg7 21. Nf1 f4 22. Nd2
Rh8 23. Qd1 g5 24. hxg5 Bxg5 25. Bc2 Rad8 26. Ba4 Bc8 27. Bc6 h4 28. Qa4 Qe7
29. Ke2 Rh6 30. Rbb1 Rdh8 31. Nb5 h3 32. gxh3 Rxh3 33. Rxh3 Rxh3 34. Rg1 Kf8
35. bxc5 bxc5 36. Qa5 Bh4 37. Bxh4 Rxh4 38. Rg6 Rh2+ 39. Kd3 Rf2 40. Re6 Bxe6
41. dxe6 Ng5 42. Qxa6 Nxf3 43. Qc8+ Kg7 44. Qd7 Rxd2+ 45. Kc3 Kf6 46. Nc7 Qxd7
47. exd7 Rc2+ 48. Kxc2 Nd4+ 49. Kd3 Nxc6 50. d8=Q+ Nxd8 51. Nb5 a6 52. Nxd6 Kg5
53. Ke2 Kg4 54. Nf5 Nf7 55. Ne7 Nd6 56. Nc6 Nxc4 57. Kf2 f3 58. Nb8 Nd6 59. Nc6
Kf4 60. Nd8 Nxe4+ 0-1

[Event "StM 2004"]
[Site "Hartberg"]
[Date "2004.??.??"]
[Round "7.7"]
[White "Diermair, Andreas"]
[Black "Lendwai, Reinhard"]
[Result "1/2-1/2"]
[WhiteElo "2236"]
[BlackElo "2388"]
[PlyCount "75"]
[EventDate "2004.??.??"]

1. d4 d5 2. Nc3 c6 3. e4 dxe4 4. Nxe4 Bf5 5. Ng3 Bg6 6. Nf3 e6 7. h4 h6 8. h5
Bh7 9. Bd3 Bxd3 10. Qxd3 Nf6 11. Bf4 Qa5+ 12. Bd2 Bb4 13. c3 Be7 14. Ne4 Nbd7
15. c4 Qa6 16. Nxf6+ Nxf6 17. Ne5 Rd8 18. Qe3 Nd7 19. b3 Nxe5 20. dxe5 Qa3 21.
Bc3 Bc5 22. Qf3 O-O 23. O-O a5 24. Qe2 Bd4 25. Bxd4 Rxd4 26. Rfd1 Rfd8 27. Rxd4
Rxd4 28. Rd1 Qc5 29. Rxd4 Qxd4 30. g3 Kf8 31. Qe1 b6 32. Kg2 Ke8 33. f4 Kd7 34.
Qf2 Qe4+ 35. Kh2 Kc7 36. Qd2 Kc8 37. Qd6 Qe2+ 38. Kg1 1/2-1/2

[Event "StM 2004"]
[Site "Hartberg"]
[Date "2004.??.??"]
[Round "7.8"]
[White "Beck, Hartmuth"]
[Black "Mahdy, Khaled"]
[Result "1/2-1/2"]
[WhiteElo "2279"]
[BlackElo "2379"]
[PlyCount "107"]
[EventDate "2004.??.??"]

1. c4 c5 2. Nc3 Nc6 3. g3 g6 4. Bg2 Bg7 5. Nf3 d6 6. O-O e5 7. d3 Nf6 8. Ne1
Be6 9. Bg5 h6 10. Bxf6 Bxf6 11. Nc2 O-O 12. Ne3 Bg7 13. Rb1 h5 14. Ned5 Rb8 15.
a3 a6 16. b4 cxb4 17. axb4 b5 18. e3 f5 19. Qd2 bxc4 20. dxc4 e4 21. Rfd1 Kh7
22. b5 axb5 23. cxb5 Ne5 24. Nf4 Bf7 25. Qxd6 Qxd6 26. Rxd6 Nc4 27. Rd7 Bxc3
28. Ne6 Kg8 29. Nxf8 Kxf8 30. Rc1 Ne5 31. Rxf7+ Kxf7 32. Rxc3 Rxb5 33. Rc1 Rb2
34. Ra1 Kg7 35. Rc1 Kh6 36. Ra1 Kg5 37. Rc1 h4 38. Ra1 hxg3 39. hxg3 Kg4 40.
Bh1 Rd2 41. Bg2 Nf3+ 42. Kf1 Rb2 43. Bh1 Kh3 44. Bg2+ Kh2 45. Bxf3 exf3 46. Rc1
Rb8 47. Ra1 g5 48. Rc1 Rb5 49. Rd1 Rb6 50. Rc1 f4 51. exf4 gxf4 52. gxf4 Rg6
53. Ke1 Kg2 54. Rc5 1/2-1/2

[Event "StM 2004"]
[Site "Hartberg"]
[Date "2004.??.??"]
[Round "7.9"]
[White "Hoelzl, Franz"]
[Black "Brandner, Stefan"]
[Result "1-0"]
[WhiteElo "2373"]
[BlackElo "2328"]
[PlyCount "73"]
[EventDate "2004.??.??"]

1. d4 d5 2. c4 Nc6 3. Nc3 e5 4. cxd5 Nxd4 5. e3 Nf5 6. Nf3 Bd6 7. Bb5+ Bd7 8.
Qd3 Nfe7 9. e4 Nf6 10. Bg5 a6 11. Bxf6 gxf6 12. Bxd7+ Qxd7 13. Nh4 O-O-O 14. g3
Bb4 15. O-O Qh3 16. Qf3 Rhg8 17. Kh1 Rg4 18. Nf5 Nxf5 19. Qxf5+ Kb8 20. Ne2
Rdg8 21. f3 R8g5 22. Qxf6 Rxg3 23. Nxg3 Rxg3 24. Rf2 Bc5 25. Raf1 Bxf2 26. Rxf2
Rg6 27. Qxe5 Qh6 28. Qh8+ Ka7 29. Qd4+ Kb8 30. Qd2 Qh5 31. Qf4 Qh3 32. Qxf7 Rb6
33. Qf8+ Ka7 34. Qc5 Kb8 35. Qc3 Qh4 36. Qe3 Qf6 37. Rg2 1-0

[Event "StM 2004"]
[Site "Hartberg"]
[Date "2004.??.??"]
[Round "7.10"]
[White "Miniboeck, Guenther"]
[Black "Schroll, Gerhard"]
[Result "0-1"]
[WhiteElo "2345"]
[BlackElo "2367"]
[PlyCount "94"]
[EventDate "2004.??.??"]

1. d4 e6 2. c4 d5 3. Nc3 Nf6 4. Nf3 Bb4 5. cxd5 exd5 6. Bg5 h6 7. Bxf6 Qxf6 8.
Qb3 c5 9. e3 Nc6 10. dxc5 O-O 11. Bb5 d4 12. Bxc6 dxc3 13. Qxb4 cxb2 14. Rb1
bxc6 15. Qxb2 Qg6 16. O-O Bh3 17. Nh4 Qg5 18. Qd4 Rfd8 19. Qa4 Bg4 20. g3 Bh3
21. Rfc1 Qd5 22. Qb3 Qe4 23. Rc4 Qe8 24. Qc2 Qe6 25. Re4 Rd2 26. Rxe6 Rxc2 27.
Rxc6 Rxa2 28. Rd6 Rc2 29. c6 Rc8 30. Ng2 R8xc6 31. Rxc6 Rxc6 32. Nf4 Bf5 33.
Ra1 Be4 34. Ne2 Rb6 35. Nc3 Bf3 36. Rxa7 Rb3 37. Rc7 Ra3 38. Nb1 Ra1 39. Rc1
Be4 40. f3 Rxb1 41. Rxb1 Bxb1 42. e4 f6 43. Kf2 Kf7 44. h4 Ke6 45. Ke3 Ke5 46.
f4+ Kd6 47. Kd4 Bc2 0-1

[Event "StM 2004"]
[Site "Hartberg"]
[Date "2004.??.??"]
[Round "7.11"]
[White "Baumegger, Siegfried"]
[Black "Genser, Harald"]
[Result "0-1"]
[WhiteElo "2433"]
[BlackElo "2285"]
[PlyCount "54"]
[EventDate "2004.??.??"]

1. e4 c6 2. d4 d5 3. exd5 cxd5 4. c4 Nf6 5. Nc3 e6 6. Nf3 Bb4 7. cxd5 Nxd5 8.
Qc2 Nc6 9. Bd3 Ba5 10. a3 Nxc3 11. bxc3 Nxd4 12. Nxd4 Qxd4 13. Bb5+ Bd7 14. O-O
Qd5 15. c4 Qf5 16. Bxd7+ Kxd7 17. Qb2 b6 18. a4 f6 19. Ra3 Ke7 20. Rf3 Qe4 21.
Bh6 Qg6 22. Bf4 Qe4 23. Qb5 Rac8 24. Qa6 Rhd8 25. c5 Rxc5 26. Bc1 Rd7 27. Rf4
Qd3 0-1

[Event "StM 2004"]
[Site "Hartberg"]
[Date "2004.??.??"]
[Round "7.12"]
[White "Karner, Christoph"]
[Black "Holzer, Gerhard"]
[Result "1-0"]
[WhiteElo "2364"]
[BlackElo "2270"]
[PlyCount "93"]
[EventDate "2004.??.??"]

1. d4 Nf6 2. c4 g6 3. Nc3 Bg7 4. e4 d6 5. Nf3 O-O 6. Be2 c6 7. O-O Nbd7 8. e5
Ne8 9. Bf4 dxe5 10. dxe5 Nc7 11. Qc2 Ne6 12. Bg3 Qa5 13. Qe4 Qb4 14. Rab1 a5
15. Qh4 f6 16. Ne4 Nxe5 17. Nxe5 fxe5 18. a3 Qb6 19. c5 Qc7 20. Bc4 Kh8 21.
Rfe1 Rf5 22. Bxe6 Bxe6 23. Ng5 Bg8 24. Qg4 Raf8 25. h4 h5 26. Qe2 Bd5 27. Rbd1
Qc8 28. Qd2 Qa8 29. Qc3 e4 30. Qd2 Qa7 31. Qe3 a4 32. Rd2 Qa5 33. Red1 Qb5 34.
Nxe4 Bxe4 35. Qxe4 Qxc5 36. Qxa4 Kh7 37. Qe4 R8f7 38. Rc2 Qb6 39. b4 Qa7 40.
Rd3 Qa4 41. Rd7 Qxa3 42. Rxb7 Qa1+ 43. Kh2 Rd5 44. Rxc6 Rff5 45. Qe6 Bf6 46.
Qf7+ Kh6 47. Rxe7 1-0

[Event "StM 2004"]
[Site "Hartberg"]
[Date "2004.??.??"]
[Round "7.13"]
[White "Fahrner, Kurt"]
[Black "Schwarhofer, Christopher"]
[Result "1-0"]
[WhiteElo "2342"]
[BlackElo "2029"]
[PlyCount "57"]
[EventDate "2004.??.??"]

1. d4 Nf6 2. c4 c5 3. d5 b5 4. Nf3 g6 5. cxb5 a6 6. Qc2 d6 7. e4 Bg7 8. Nc3 O-O
9. a4 axb5 10. Bxb5 Na6 11. O-O Nb4 12. Qe2 Bg4 13. h3 Bxf3 14. Qxf3 Nd7 15.
Qe2 e6 16. dxe6 fxe6 17. Be3 Ne5 18. Rfd1 Qh4 19. Rxd6 Rf3 20. Bc4 Raf8 21.
Bxe6+ Kh8 22. gxf3 Nxf3+ 23. Kg2 Be5 24. Rd7 Nc6 25. Rf7 Rxf7 26. Bxf7 Ng5 27.
Qg4 Qxg4+ 28. hxg4 Nxf7 29. a5 1-0

[Event "StM 2004"]
[Site "Hartberg"]
[Date "2004.??.??"]
[Round "7.14"]
[White "Wallis, Anton"]
[Black "Wittmann, Walter"]
[Result "1/2-1/2"]
[WhiteElo "2177"]
[BlackElo "2337"]
[PlyCount "36"]
[EventDate "2004.??.??"]

1. e4 e5 2. Nf3 Nc6 3. Bb5 a6 4. Ba4 b5 5. Bb3 Bc5 6. d3 Nf6 7. O-O d6 8. h3 h6
9. c3 O-O 10. Re1 Bb7 11. Nbd2 Re8 12. Nf1 Ne7 13. Bc2 Ng6 14. b4 Ba7 15. a4 d5
16. Bb2 Qd7 17. Ng3 Qc6 18. Bb3 dxe4 1/2-1/2

[Event "StM 2004"]
[Site "Hartberg"]
[Date "2004.??.??"]
[Round "7.15"]
[White "Rolletschek, Heinrich"]
[Black "Wegerer, Fred"]
[Result "1/2-1/2"]
[WhiteElo "2316"]
[BlackElo "2230"]
[PlyCount "152"]
[EventDate "2004.??.??"]

1. e4 d6 2. g3 Nf6 3. Bg2 e5 4. Ne2 Be7 5. d4 O-O 6. O-O Na6 7. Nbc3 c6 8. a4
Re8 9. h3 h6 10. Be3 Qa5 11. g4 Nb4 12. Qd2 Bd8 13. f4 exd4 14. Bxd4 Bb6 15.
Kh1 Bxd4 16. Nxd4 Qc7 17. Nce2 a5 18. Ng3 Na6 19. Ndf5 Bxf5 20. Nxf5 Rad8 21.
Qd4 Re6 22. Rad1 Ne8 23. e5 d5 24. Qc3 Qb6 25. Nd4 Re7 26. Nb3 Nb4 27. Rd2 Nc7
28. f5 Rde8 29. Nc5 Nca6 30. f6 gxf6 31. Nxa6 Nxa6 32. exf6 Re3 33. Rd3 Nb4 34.
Rxe3 Qxe3 35. Qxe3 Rxe3 36. Rf2 Re1+ 37. Kh2 Ra1 38. c4 Rxa4 39. cxd5 Nxd5 40.
Bxd5 cxd5 41. Rd2 Rb4 42. Kg3 a4 43. h4 Kh7 44. h5 Rb6 45. Rxd5 Rxb2 46. Ra5
Rb3+ 47. Kf4 a3 48. Ra7 Rb6 49. Rxa3 Rxf6+ 50. Ke5 Rb6 51. Rd3 Rb4 52. Kf5 Kg7
53. Rd6 Rb1 54. Ke4 Rg1 55. Kf5 Rf1+ 56. Ke4 Rf6 57. Rd5 Rb6 58. Kf5 Rc6 59.
Rb5 b6 60. Ke4 Kf6 61. Kf4 Rd6 62. Rb1 Rc6 63. Rb2 Ke6 64. Rb5 Kd6 65. Rb1 Kc7
66. Rb5 Rc4+ 67. Kg3 Rc3+ 68. Kf4 Rc4+ 69. Kg3 f6 70. Rf5 Rc6 71. Rb5 Rc5 72.
Rb3 f5 73. Rf3 fxg4 74. Rf7+ Kc8 75. Rf6 Rxh5 76. Rxb6 Rg5 1/2-1/2

[Event "StM 2004"]
[Site "Hartberg"]
[Date "2004.??.??"]
[Round "7.16"]
[White "Brod, Manfred"]
[Black "Druckenthaner, Andreas"]
[Result "1/2-1/2"]
[WhiteElo "2233"]
[BlackElo "2290"]
[PlyCount "51"]
[EventDate "2004.??.??"]

1. e4 c5 2. Nf3 Nc6 3. d4 cxd4 4. Nxd4 Nf6 5. Nc3 d6 6. Be2 e5 7. Nf3 h6 8. O-O
Be7 9. Re1 O-O 10. h3 Re8 11. Bf1 Bf8 12. b3 a6 13. Bb2 b5 14. a4 b4 15. Nd5
Nxd5 16. exd5 Ne7 17. a5 Bb7 18. Bc4 Qc8 19. Qd2 Qc5 20. Red1 e4 21. Nh2 Nf5
22. Nf1 Bc8 23. Ne3 Nh4 24. Bd4 Qc7 25. Qxb4 f5 26. Nf1 1/2-1/2

[Event "StM 2004"]
[Site "Hartberg"]
[Date "2004.??.??"]
[Round "7.17"]
[White "Schmidlechner, Alexander"]
[Black "Schnider, Gert"]
[Result "1-0"]
[WhiteElo "2212"]
[BlackElo "2314"]
[PlyCount "85"]
[EventDate "2004.??.??"]

1. d4 Nf6 2. c4 e6 3. Nf3 b6 4. g3 Ba6 5. b3 Bb4+ 6. Bd2 Be7 7. Bg2 c6 8. O-O
O-O 9. Bc3 d5 10. Ne5 Ne4 11. Bb2 f6 12. Nd3 Qe8 13. Qc2 Bb7 14. Nf4 Qd7 15.
Bxe4 dxe4 16. Qxe4 Bc8 17. d5 cxd5 18. cxd5 e5 19. Ne6 Re8 20. Nc3 Na6 21. Rfd1
Bb7 22. Qa4 Qxa4 23. Nxa4 Bd6 24. Rac1 Re7 25. e4 Rc8 26. f3 Nb8 27. Nc3 Ba6
28. a4 Ree8 29. Nb5 Bxb5 30. axb5 Bb4 31. Kf1 Nd7 32. Rc6 Nb8 33. Rcc1 a5 34.
bxa6 Nxa6 35. Rxc8 Rxc8 36. Rc1 Bc5 37. Ba3 Rb8 38. Bxc5 bxc5 39. Ra1 Rb6 40.
Ke2 g6 41. Kd2 Kf7 42. Kc3 h6 43. Ra5 1-0

[Event "StM 2004"]
[Site "Hartberg"]
[Date "2004.??.??"]
[Round "7.19"]
[White "Petschar, Kurt"]
[Black "Zoebisch, Herbert"]
[Result "1-0"]
[WhiteElo "2289"]
[BlackElo "2187"]
[PlyCount "101"]
[EventDate "2004.??.??"]

1. e4 e5 2. Nf3 Nc6 3. Bb5 a6 4. Ba4 Nf6 5. O-O Be7 6. Bxc6 dxc6 7. d3 Nd7 8.
b3 O-O 9. Bb2 f6 10. Nbd2 Re8 11. Nh4 Nc5 12. Nf5 Bxf5 13. exf5 Qd7 14. Qf3 a5
15. a4 Qd5 16. Qg4 Rad8 17. Rfe1 Na6 18. Re3 Nb4 19. Rg3 Qf7 20. Rc1 Rd5 21.
Ne4 c5 22. Rh3 Kh8 23. Nd2 Kg8 24. Qh4 h6 25. Qg4 Kf8 26. Ne4 Red8 27. Ng3 Ke8
28. Nh5 Bf8 29. Qe4 Be7 30. f4 Nc6 31. fxe5 fxe5 32. Rf1 Bf6 33. Nf4 R5d6 34.
Ne6 Rxe6 35. fxe6 Qxe6 36. Bc1 Rd4 37. Qg6+ Qf7 38. Qf5 Rd6 39. Qc8+ Nd8 40.
Rhf3 h5 41. Qf5 Nc6 42. Bb2 Re6 43. Rh3 g6 44. Qe4 Qg7 45. Qd5 Qe7 46. Rhf3 Nd8
47. R1f2 c6 48. Qc4 Bg7 49. Bc3 e4 50. dxe4 Bxc3 51. Qxc3 1-0

[Event "StM 2004"]
[Site "Hartberg"]
[Date "2004.??.??"]
[Round "7.20"]
[White "Poeltl, Thomas"]
[Black "Kwatschewsky, Leo"]
[Result "1/2-1/2"]
[WhiteElo "2217"]
[BlackElo "2255"]
[PlyCount "69"]
[EventDate "2004.??.??"]

1. d4 Nf6 2. g3 g6 3. Bg2 d5 4. Nf3 Bg7 5. O-O O-O 6. c3 c6 7. Nbd2 Nbd7 8. Re1
e5 9. dxe5 Ng4 10. e4 Ndxe5 11. Qe2 Nxf3+ 12. Nxf3 dxe4 13. Qxe4 Bf5 14. Qb4
Qb6 15. Qxb6 axb6 16. h3 Nf6 17. Nd4 Bd7 18. Bf4 Rfe8 19. a3 c5 20. Nc2 Bc6 21.
Ne3 b5 22. Rad1 c4 23. Ng4 Ne4 24. Bxe4 Bxe4 25. Nh6+ Bxh6 26. Bxh6 Bd3 27. f3
Be2 28. Rd5 Bxf3 29. Rxe8+ Rxe8 30. Rd7 Bc6 31. Rc7 Rd8 32. Kf2 Re8 33. h4 Re6
34. Rc8+ Re8 35. Rc7 1/2-1/2

[Event "StM 2004"]
[Site "Hartberg"]
[Date "2004.??.??"]
[Round "7.21"]
[White "Kreisl, Robert"]
[Black "Schwaninger, Wolfgang"]
[Result "1-0"]
[WhiteElo "2206"]
[BlackElo "2255"]
[PlyCount "63"]
[EventDate "2004.??.??"]

1. d4 g6 2. c4 d6 3. e4 c6 4. Nc3 Nf6 5. Nf3 Bg4 6. Be2 Nbd7 7. Be3 e5 8. d5 c5
9. Nd2 Bxe2 10. Qxe2 a6 11. a3 Bg7 12. O-O Nh5 13. g3 O-O 14. b4 Rc8 15. Rab1
b6 16. Rb3 Qc7 17. Rfb1 Rb8 18. Qd1 h6 19. bxc5 bxc5 20. Rxb8 Rxb8 21. Qa4
Rxb1+ 22. Ndxb1 Qb7 23. Qc6 Qxc6 24. dxc6 Nb6 25. Nd5 Nc8 26. Nbc3 Kf8 27. Na4
Ke8 28. Nab6 Nxb6 29. Nxb6 Kd8 30. Nd5 f5 31. Bd2 Bf6 32. Bxh6 1-0

[Event "StM 2004"]
[Site "Hartberg"]
[Date "2004.??.??"]
[Round "7.22"]
[White "Roth, Peter"]
[Black "Zsifkovits, Robert"]
[Result "1-0"]
[WhiteElo "2244"]
[BlackElo "2142"]
[PlyCount "85"]
[EventDate "2004.??.??"]

1. e4 e5 2. Nc3 Nf6 3. Bc4 Nc6 4. d3 Bb4 5. Nge2 d5 6. exd5 Nxd5 7. O-O Be6 8.
Bb3 Nxc3 9. bxc3 Bxb3 10. cxb4 Be6 11. Bb2 O-O 12. f4 Nd4 13. Bxd4 exd4 14. f5
Bc8 15. Rf4 Qf6 16. Ng3 Qh6 17. Qf3 Bd7 18. Rxd4 Rad8 19. Qf2 Rfe8 20. Rf1 Bc6
21. Rxd8 Rxd8 22. Qf4 Qxf4 23. Rxf4 Kf8 24. a3 a5 25. Rc4 axb4 26. axb4 Rd7 27.
Ne2 Re7 28. Nc3 Re1+ 29. Kf2 Rc1 30. Ne2 Rb1 31. h3 Ke7 32. Nd4 Kd7 33. Nxc6
bxc6 34. Rh4 h6 35. Rg4 Ke7 36. Ke2 h5 37. Rxg7 Rxb4 38. Rh7 c5 39. Rxh5 c4 40.
d4 Kf6 41. g4 Rb8 42. Rh6+ Kg5 43. Rc6 1-0

[Event "StM 2004"]
[Site "Hartberg"]
[Date "2004.??.??"]
[Round "7.23"]
[White "Posch, Werner"]
[Black "Schwab, Rene"]
[Result "0-1"]
[WhiteElo "2172"]
[BlackElo "2240"]
[PlyCount "90"]
[EventDate "2004.??.??"]

1. e4 c5 2. Nc3 Nc6 3. g3 g6 4. Bg2 Bg7 5. d3 d6 6. Be3 e6 7. Qd2 Qa5 8. Nge2
Nd4 9. f4 Ne7 10. O-O Nec6 11. Rf2 Nxe2+ 12. Rxe2 Bd4 13. Rf2 Bd7 14. a3 O-O-O
15. Bxd4 Nxd4 16. e5 Nb5 17. Nxb5 Qxb5 18. exd6 Bc6 19. Qc3 Bxg2 20. Rxg2 Qc6
21. Re2 Qxd6 22. Re4 Kb8 23. Rc4 Rc8 24. Re1 h5 25. Re5 b6 26. h4 Rhd8 27. a4
Qc6 28. Ree4 Rd5 29. b4 cxb4 30. Qxb4 Rc5 31. a5 Kb7 32. Kf2 Qd5 33. axb6 Rxc4
34. Rxc4 Rxc4 35. dxc4 Qd4+ 36. Kf3 Qxb6 37. Qe7+ Qc7 38. Qb4+ Kc6 39. Ke4 Qb6
40. Qe7 Qb7 41. Qf8 Qc7 42. c5 Kb5 43. c4+ Kxc4 44. Qd6 f5+ 45. Ke5 Qxc5+ 0-1